Central Library OPAC University of Rajshahi

Society and personality : (Record no. 33492)

MARC details
000 -LEADER
fixed length control field 00774nam a22002411 4500
001 - CONTROL NUMBER
control field 33492
003 - CONTROL NUMBER IDENTIFIER
rucl marc code BD-RjUL
005 - DATE AND TIME OF LATEST TRANSACTION
control field 20211209052022.0
008 - FIXED-LENGTH DATA ELEMENTS--GENERAL INFORMATION
fixed length control field 140508s1961 njua b 001 0 eng d
035 ## - SYSTEM CONTROL NUMBER
System control number (BD-RjUL)33583
040 ## - CATALOGING SOURCE
Original cataloging agency DLC
Transcribing agency DLC
Modifying agency DLC
-- BD-RjUL
Language of cataloging eng
041 ## - LANGUAGE CODE
Language code of text/sound track or separate title eng
082 00 - DEWEY DECIMAL CLASSIFICATION NUMBER
Classification number 301.15
Author mark and year SHS 1961
100 1# - MAIN ENTRY--PERSONAL NAME
Personal name Shibutani, Tamotsu,
Dates associated with a name 1920-
9 (RLIN) 101646
245 10 - TITLE STATEMENT
Title Society and personality :
Remainder of title an interactionist approach to social psychology /
Statement of responsibility, etc. Tamotsu Shibutani
260 ## - PUBLICATION, DISTRIBUTION, ETC. (IMPRINT)
Place of publication, distribution, etc. Englewood Cliffs, N.J. :
Name of publisher, distributor, etc. Prentice-Hall,
Date of publication, distribution, etc. c1961 [printing 1964].
300 ## - PHYSICAL DESCRIPTION
Pagination 630 p. :
Illustrations ill. ;
Size 22 cm.
504 ## - BIBLIOGRAPHY, ETC. NOTE
Bibliography, etc Includes bibliography. and Index
650 #0 - SUBJECT ADDED ENTRY--TOPICAL TERM
Topical term or geographic name as entry element Social psychology.
9 (RLIN) 101647
Topical term or geographic name as entry element Social interaction.
9 (RLIN) 7419
942 ## - ADDED ENTRY ELEMENTS (KOHA)
Source of classification or shelving scheme Dewey Decimal Classification
Koha item type Books
Holdings
Lost status Source of classification or shelving scheme Damaged status Not for loan Collection code Permanent Location Current Location Shelving location Date acquired Source of acquisition Cost, normal purchase price Total Checkouts Full call number Date last seen Copy number Koha item type
  Dewey Decimal Classification     Non-fiction Central Library, University of Rajshahi Central Library, University of Rajshahi   30/03/1968 Euro Pak 55.50   301.15 SHS 1961 08/05/2014 C-4 Books
  Dewey Decimal Classification       Central Library, University of Rajshahi Central Library, University of Rajshahi   30/03/1968 Euro-Pak 55.50   301.15 SHS 1961 08/05/2014 C-3 Books
  Dewey Decimal Classification     Non-fiction Central Library, University of Rajshahi Central Library, University of Rajshahi   30/03/1968 Euro-Pak. 55.00   301.15 SHS 1961 14/05/2014 C-2 Books
  Dewey Decimal Classification   Not For Loan Non-fiction Central Library, University of Rajshahi Central Library, University of Rajshahi Reading Room 09/02/1965 Zeitlinger 72.00   301.15 SHS 1964 10/12/2016 C-1 Books